000 00552nam a2200241 a 4500
001 nice12345678
003 IN_TiNIC
005 20260116011337.0
008 050524s1883 beia grp 000 0 ara
020 _a
_c100
082 0 0 _a242.7
_bHAF
100 _aHafarkan,
245 _aMakhaddat
260 _aBeirut
_bHafarkan
_c1883
300 _a00p
500 _aincludes index and biblioraphy
505 2 _aNotes, Bibliography, Index
650 _aMissions-China
700 1 _aHafarkan,
902 _bSRS
942 _cBK
999 _c689
_d689